| 000 | 01132nam a22003497a 4500 | ||
|---|---|---|---|
| 003 | CHAP | ||
| 005 | 20220817044421.0 | ||
| 008 | 110202s2009 fr a r 00010 spa d | ||
| 010 | _a100407 | ||
| 011 | _a101379 | ||
| 035 | _a112067 | ||
| 040 | _cCHAP | ||
| 090 | _aFolleto 17902 | ||
| 110 | 2 | _aFAO | |
| 245 | 1 | 3 |
_aFAO en línea, gestión de conocimientos y más todavía : _bconocimientos e información para combatir el hambre _c/por FAO |
| 260 |
_aRome : _bFAO, _c2009 |
||
| 300 |
_a1 hoja : _bilus. |
||
| 490 | 0 | _aPor un mundo sin hambre | |
| 590 |
_aBATCH-UPD _b10 _c20130110 _lUCH01 _h1303 |
||
| 590 |
_aBATCH-UPD _b10 _c20130410 _lUCH01 _h0820 |
||
| 590 |
_aBATCH-UPD _b10 _c20130914 _lUCH01 _h0545 |
||
| 590 |
_aCONVERSION _b10 _c20130109 _lUCH01 _h1355 |
||
| 650 | 1 | 4 |
_aBases de datos. _910684 |
| 650 | 1 | 4 |
_aCapacitación. _918690 |
| 650 | 1 | 4 |
_aConocimiento, Teoría del. _927232 |
| 650 | 1 | 4 |
_aHambre. _952413 |
| 650 | 1 | 4 |
_aSistema de información. _9106707 |
| 830 | 0 |
_aPor un mundo sin hambre _990926 |
|
| 901 | _aBK | ||
| 942 | _cFOLL | ||
| 949 |
_aFolleto 17902 _bBC _cFAO _d33724002230231 _eFAO1 _gDonaciØn _i112067 _sb |
||
| 999 |
_c100407 _d100407 |
||